[Event "4NCL/Div3/PPA2 vs. SWD2"]
[Site "Birmingham ENG"]
[Date "2006.04.30"]
[Round "10.1"]
[White "Toothill, John"]
[Black "Trevelyan, John"]
[Result "0-1"]
[WhiteElo "2174"]
[BlackElo "2190"]
[PlyCount "94"]
[EventDate "2006.04.30"]
[EventType "team"]
[EventRounds "11"]
[EventCountry "ENG"]
[SourceDate "2006.04.29"]
[WhiteTeam "Poisnd Pawns 2"]
[BlackTeam "S W Dragons 2"]

1. e4 d6 2. d4 e5 3. dxe5 dxe5 4. Qxd8+ Kxd8 5. Bc4 f6 6. Be3 Nd7 7. Nc3 Bc5 8.
O-O-O Bxe3+ 9. fxe3 c6 10. Nge2 Kc7 11. Ng3 Nb6 12. Bb3 a5 13. a4 Ne7 14. Rd2
h5 15. Rf1 h4 16. Nf5 Bxf5 17. exf5 Rad8 18. e4 Rh5 19. Rxd8 Kxd8 20. Be6 Rg5
21. Rf2 Kc7 22. Kd2 g6 23. fxg6 Nxg6 24. h3 Nf4 25. Bg4 Nc4+ 26. Kc1 Ne3 27.
Bf3 Nexg2 28. Nd1 Rg3 29. Bg4 Ne3 30. Nxe3 Rxe3 31. Bf5 Re1+ 32. Kd2 Ra1 33. b3
Rh1 34. Bg4 Kd6 35. Rf3 Rh2+ 36. Kc3 Kc5 37. Kb2 Kd4 38. Bf5 Re2 39. Rc3 Rg2
40. Rc4+ Ke3 41. Bc8 Rg7 42. b4 Rc7 43. Bf5 axb4 44. Rxb4 Ne2 45. Rb3+ Kf4 46.
Rd3 Nd4 47. Bg4 Kxe4 0-1

[Event "4NCL/Div3/PPA2 vs. SWD2"]
[Site "Birmingham ENG"]
[Date "2006.04.30"]
[Round "10.2"]
[White "Spice, Alan"]
[Black "Goodger, Martyn"]
[Result "1/2-1/2"]
[WhiteElo "2216"]
[BlackElo "2133"]
[PlyCount "136"]
[EventDate "2006.04.30"]
[EventType "team"]
[EventRounds "11"]
[EventCountry "ENG"]
[SourceDate "2006.04.29"]
[WhiteTeam "S W Dragons 2"]
[BlackTeam "Poisnd Pawns 2"]

1. Nc3 d5 2. e4 dxe4 3. Nxe4 Qd5 4. Nc3 Qd6 5. d4 Nf6 6. Bc4 a6 7. Nf3 b5 8.
Bb3 Bb7 9. Ne5 e6 10. Bf4 c5 11. dxc5 Qxd1+ 12. Rxd1 Bxc5 13. O-O Nc6 14. Nxc6
Bxc6 15. Bd6 Bxd6 16. Rxd6 Rc8 17. Rfd1 Ke7 18. R6d4 Rhd8 19. f3 Rxd4 20. Rxd4
Rd8 21. Rxd8 Kxd8 22. a3 Kc7 23. Kf2 Kd6 24. g3 Nd7 25. Ke3 f6 26. f4 Nc5 27.
Ba2 e5 28. b4 exf4+ 29. gxf4 Nd7 30. Ne4+ Kc7 31. Kd4 h6 32. Be6 Nb8 33. c4
bxc4 34. Bxc4 Bb7 35. Nc5 Nc6+ 36. Ke3 Kb6 37. Nxb7 Kxb7 38. Bd5 g5 39. Ke4 Kc7
40. Bc4 a5 41. bxa5 Nxa5 42. fxg5 hxg5 43. Be6 Kd6 44. Kf5 Ke7 45. Bd5 Kd6 46.
Kxf6 Kxd5 47. Kxg5 Nc4 48. a4 Ne5 49. Kf5 Nf3 50. h3 Nh4+ 51. Kg4 Ng2 52. Kg3
Ne3 53. Kf3 Nf5 54. Kg4 Ne3+ 55. Kf4 Ng2+ 56. Kf3 Nh4+ 57. Kg3 Nf5+ 58. Kg4
Ne3+ 59. Kf3 Nf5 60. a5 Kc6 61. Kg4 Ne3+ 62. Kf3 Nf5 63. Kf4 Nh4 64. Kg5 Ng2
65. Kg4 Kb5 66. Kg3 Ne3 67. h4 Nf5+ 68. Kg4 Nxh4 1/2-1/2

[Event "4NCL/Div3/PPA2 vs. SWD2"]
[Site "Birmingham ENG"]
[Date "2006.04.30"]
[Round "10.3"]
[White "Winfridsson, Ola"]
[Black "Kett, Timothy"]
[Result "0-1"]
[WhiteElo "2099"]
[BlackElo "2195"]
[PlyCount "60"]
[EventDate "2006.04.30"]
[EventType "team"]
[EventRounds "11"]
[EventCountry "ENG"]
[SourceDate "2006.04.29"]
[WhiteTeam "Poisnd Pawns 2"]
[BlackTeam "S W Dragons 2"]

1. d4 Nf6 2. c4 e6 3. Nc3 Bb4 4. Bg5 c5 5. d5 d6 6. e3 Bxc3+ 7. bxc3 h6 8. Bh4
Qe7 9. Bd3 e5 10. Ne2 Nbd7 11. f3 Kd8 12. Bf5 Kc7 13. Qb3 g6 14. Bh3 g5 15. Bf2
e4 16. Bxd7 Bxd7 17. Rb1 b6 18. f4 Rhg8 19. fxg5 hxg5 20. Kd2 Ng4 21. Bg3 f5
22. a4 Rab8 23. a5 f4 24. axb6+ axb6 25. exf4 e3+ 26. Ke1 Nf2 27. Rg1 Nd3+ 28.
Kd1 gxf4 29. Nxf4 Nxf4 30. Bxf4 Qe4 0-1

[Event "4NCL/Div3/PPA2 vs. SWD2"]
[Site "Birmingham ENG"]
[Date "2006.04.30"]
[Round "10.4"]
[White "May, Frank"]
[Black "Day, Thomas W"]
[Result "1/2-1/2"]
[WhiteElo "2145"]
[BlackElo "2097"]
[PlyCount "113"]
[EventDate "2006.04.30"]
[EventType "team"]
[EventRounds "11"]
[EventCountry "ENG"]
[SourceDate "2006.04.29"]
[WhiteTeam "S W Dragons 2"]
[BlackTeam "Poisnd Pawns 2"]

1. d4 Nf6 2. c4 g6 3. Nc3 Bg7 4. e4 d6 5. Nge2 O-O 6. Ng3 c5 7. d5 Re8 8. Be2
Na6 9. O-O e6 10. dxe6 fxe6 11. Bf4 e5 12. Bg5 Be6 13. f4 exf4 14. Bxf4 Qb6 15.
Nb5 Red8 16. Bg5 Kf7 17. Qd2 Nc7 18. Qf4 Nce8 19. Rad1 Kg8 20. b3 a6 21. Nxd6
Rxd6 22. Rxd6 Nxd6 23. Bxf6 Rf8 24. Qe5 Nf7 25. Qc3 Bxf6 26. Qxf6 Qd6 27. Rd1
Qe5 28. Qxe5 Nxe5 29. Rd6 Kf7 30. Nf1 Kf6 31. Ne3 Nf7 32. Rb6 Nd8 33. Bg4 Rf7
34. Nd5+ Ke5 35. Bxe6 Nxe6 36. g3 Ng5 37. Kg2 Kxe4 38. h4 Nf3 39. Rf6 Rxf6 40.
Nxf6+ Ke3 41. Nxh7 b5 42. Nf8 bxc4 43. bxc4 Ne5 44. Ne6 Nxc4 45. Nxc5 a5 46.
Kh3 Ne5 47. g4 Kf4 48. Ne6+ Ke4 49. Kg3 Nd3 50. Nf8 Nf4 51. a4 Ke3 52. h5 gxh5
53. g5 Ke4 54. Kh4 Kf5 55. Nd7 Ne6 56. Kxh5 Nxg5 57. Nc5 1/2-1/2

[Event "4NCL/Div3/PPA2 vs. SWD2"]
[Site "Birmingham ENG"]
[Date "2006.04.30"]
[Round "10.5"]
[White "Bailey, Kevin"]
[Black "Rees, Gwynfor"]
[Result "1-0"]
[WhiteElo "2094"]
[BlackElo "2101"]
[PlyCount "52"]
[EventDate "2006.04.30"]
[EventType "team"]
[EventRounds "11"]
[EventCountry "ENG"]
[SourceDate "2006.04.29"]
[WhiteTeam "Poisnd Pawns 2"]
[BlackTeam "S W Dragons 2"]

1. c4 Nf6 2. g3 g6 3. Bg2 Bg7 4. Nc3 O-O 5. Nf3 Nc6 6. d4 d6 7. O-O a6 8. b3
Rb8 9. Nd5 b5 10. Ne3 Nd7 11. Bb2 Na5 12. Qd2 c5 13. Rac1 bxc4 14. Nxc4 Nxc4
15. Rxc4 Bb7 16. dxc5 Bxb2 17. Qxb2 Nxc5 18. Ng5 Bxg2 19. Kxg2 f6 20. Nf3 Qb6
21. Qd4 Qb7 22. h4 Rfd8 23. Qe3 e5 24. b4 Ne6 25. Rfc1 f5 26. Qb3 Nd4 1-0

[Event "4NCL/Div3/PPA2 vs. SWD2"]
[Site "Birmingham ENG"]
[Date "2006.04.30"]
[Round "10.6"]
[White "Miles, Richard"]
[Black "Jeffries, Majid"]
[Result "1/2-1/2"]
[WhiteElo "2145"]
[BlackElo "2026"]
[PlyCount "68"]
[EventDate "2006.04.30"]
[EventType "team"]
[EventRounds "11"]
[EventCountry "ENG"]
[SourceDate "2006.04.29"]
[WhiteTeam "S W Dragons 2"]
[BlackTeam "Poisnd Pawns 2"]

1. d4 d5 2. c4 e6 3. Nc3 Nf6 4. cxd5 exd5 5. Bg5 Nbd7 6. e3 Be7 7. Qc2 h6 8.
Bh4 c6 9. Bd3 O-O 10. Nge2 Ne8 11. Bxe7 Qxe7 12. O-O-O Ndf6 13. h3 Nd6 14. g4
Nfe4 15. Bxe4 Nxe4 16. Nxe4 Qxe4 17. Qxe4 dxe4 18. Ng3 Be6 19. Kb1 f5 20. gxf5
Bxf5 21. Rc1 Be6 22. Rh2 Rf3 23. Rc2 Raf8 24. Kc1 Bxa2 25. Nxe4 Bd5 26. Ng3 Be6
27. Rd2 a5 28. e4 Rd8 29. h4 a4 30. Kb1 Bc4 31. Rh1 b5 32. Rhd1 Bb3 33. Rc1 Bc4
34. Rcd1 Bb3 1/2-1/2

[Event "4NCL/Div3/PPA2 vs. SWD2"]
[Site "Birmingham ENG"]
[Date "2006.04.30"]
[Round "10.7"]
[White "McCorry, Rob"]
[Black "Burton, Graham P"]
[Result "1-0"]
[WhiteElo "2080"]
[BlackElo "2130"]
[PlyCount "71"]
[EventDate "2006.04.30"]
[EventType "team"]
[EventRounds "11"]
[EventCountry "ENG"]
[SourceDate "2006.04.29"]
[WhiteTeam "Poisnd Pawns 2"]
[BlackTeam "S W Dragons 2"]

1. d4 c5 2. d5 Nf6 3. c4 e6 4. Nc3 exd5 5. cxd5 d6 6. e4 g6 7. f4 Bg7 8. Bb5+
Nfd7 9. a4 O-O 10. Nf3 Na6 11. O-O Nb4 12. Be3 a6 13. Bc4 Nb6 14. Bb3 Bg4 15.
h3 Bxf3 16. Rxf3 Rc8 17. a5 Nd7 18. Bc4 Re8 19. Qb3 b5 20. axb6 Nxb6 21. Be2 f5
22. e5 dxe5 23. Bxc5 e4 24. Rff1 N4xd5 25. Be3 Kh8 26. Nxd5 Nxd5 27. Rfd1 Nxe3
28. Rxd8 Rexd8 29. Rxa6 Nd5 30. g3 Rb8 31. Qc4 Ne3 32. Qc7 Rf8 33. Qa7 Rfd8 34.
Rd6 Ra8 35. Rxd8+ Rxd8 36. Qb6 1-0

[Event "4NCL/Div3/SLOS2 vs. BRI2"]
[Site "Birmingham ENG"]
[Date "2006.04.30"]
[Round "10.1"]
[White "Rees, Ioan"]
[Black "Amarawickrama, Himanshu A"]
[Result "1-0"]
[WhiteElo "2241"]
[BlackElo "2205"]
[PlyCount "147"]
[EventDate "2006.04.30"]
[EventType "team"]
[EventRounds "11"]
[EventCountry "ENG"]
[SourceDate "2006.04.29"]
[WhiteTeam "Slough Sharks 2"]
[BlackTeam "Bristol 2"]

1. e4 c5 2. Nf3 e6 3. d4 cxd4 4. Nxd4 Nf6 5. Nc3 d6 6. g4 Nc6 7. g5 Nd7 8. Be3
Be7 9. h4 O-O 10. Qd2 a6 11. O-O-O Nxd4 12. Bxd4 b5 13. Kb1 Bb7 14. Bg2 b4 15.
Ne2 Rb8 16. f4 Qa5 17. Ng3 Rfe8 18. b3 Rbc8 19. Bb2 Qc5 20. f5 Bf8 21. h5 exf5
22. Bd4 Qc7 23. Nxf5 Bxe4 24. Bxe4 Rxe4 25. Qg2 Rce8 26. Nh6+ Kh8 27. Nxf7+ Kg8
28. g6 Rxd4 29. gxh7+ Kxh7 30. Rxd4 Nf6 31. Qg6+ Kg8 32. h6 Qc3 33. h7+ Nxh7
34. Qxh7+ Kxf7 35. Rf1+ Ke7 36. Re4+ Kd8 37. Rxe8+ Kxe8 38. Qg6+ Kd7 39. Qf7+
Be7 40. Qf5+ Kc7 41. Qd3 Qxd3 42. cxd3 Bf6 43. Rf4 a5 44. Kc2 Kc6 45. d4 Kb6
46. Kd3 Bg5 47. Rf5 Bd8 48. Kc4 Bf6 49. Rb5+ Ka6 50. Rb8 Ka7 51. Rg8 Kb6 52.
Kd5 Kb7 53. Re8 Kc7 54. Re6 a4 55. bxa4 Kb6 56. Rxd6+ Ka5 57. Kc4 Be7 58. Rd7
Bf8 59. Rd8 Be7 60. Ra8+ Kb6 61. a5+ Kb7 62. Rg8 Bf6 63. d5 Bc3 64. Kb5 Kc7 65.
a6 Bd4 66. a7 Bxa7 67. Rxg7+ Kb8 68. Kc6 Bd4 69. Rb7+ Kc8 70. Rxb4 Bc3 71. Rb7
Be5 72. a4 Bc3 73. d6 Ba5 74. Ra7 1-0

[Event "4NCL/Div3/SLOS2 vs. BRI2"]
[Site "Birmingham ENG"]
[Date "2006.04.30"]
[Round "10.3"]
[White "Williams, Samuel G"]
[Black "Lam, Paul G M"]
[Result "0-1"]
[WhiteElo "2227"]
[BlackElo "2070"]
[PlyCount "75"]
[EventDate "2006.04.30"]
[EventType "team"]
[EventRounds "11"]
[EventCountry "ENG"]
[SourceDate "2006.04.29"]
[WhiteTeam "Slough Sharks 2"]
[BlackTeam "Bristol 2"]

1. d4 e6 2. c4 f5 3. g3 Nf6 4. Bg2 Be7 5. Nh3 O-O 6. Qb3 Nc6 7. e3 d6 8. O-O
Ne4 9. Rd1 Qe8 10. f3 Ng5 11. Nf2 Qh5 12. Nd2 Rf6 13. f4 Rh6 14. h3 Nf7 15. d5
Ncd8 16. Bf3 Qg6 17. Nf1 e5 18. e4 exf4 19. Bxf4 Bg5 20. Qe3 Bxf4 21. Qxf4 Ng5
22. Bg2 fxe4 23. h4 Nf3+ 24. Bxf3 exf3 25. Re1 Bf5 26. Re7 Nf7 27. Ne3 Rh5 28.
Re1 Ne5 29. Rxc7 Rf8 30. Kh2 Bd3 31. Qd4 Be2 32. b4 Qf6 33. Neg4 Nxg4+ 34. Qxg4
Re5 35. Rxb7 Re3 36. Rxa7 Rfe8 37. c5 R3e5 38. c6 {
moves missing from this point} 0-1

[Event "4NCL/Div3/SLOS2 vs. BRI2"]
[Site "Birmingham ENG"]
[Date "2006.04.30"]
[Round "10.4"]
[White "Boyce, G Michael"]
[Black "Domany, Zsofia"]
[Result "0-1"]
[WhiteElo "2058"]
[BlackElo "2184"]
[PlyCount "114"]
[EventDate "2006.04.30"]
[EventType "team"]
[EventRounds "11"]
[EventCountry "ENG"]
[SourceDate "2006.04.29"]
[WhiteTeam "Bristol 2"]
[BlackTeam "Slough Sharks 2"]

1. Nf3 d5 2. d4 Nf6 3. c4 c6 4. Nc3 e6 5. e3 Nbd7 6. Bd3 dxc4 7. Bxc4 b5 8. Be2
Bb7 9. O-O a6 10. e4 c5 11. e5 Nd5 12. a4 b4 13. Ne4 cxd4 14. Qxd4 Qb6 15. Qxb6
N5xb6 16. Ned2 Be7 17. a5 Nd5 18. Nb3 Rc8 19. Bd2 O-O 20. Rac1 Rxc1 21. Rxc1
Rc8 22. Rxc8+ Bxc8 23. Bc4 Bb7 24. Nbd4 Nc7 25. Bf4 Bd8 26. Bd2 Be7 27. Bf4 h6
28. h4 Nb8 29. h5 Bc5 30. Nb3 Be7 31. Nbd4 Kf8 32. Kf1 Ke8 33. Ke2 Nd5 34. Bd2
Nd7 35. Nc2 Nc7 36. Ncd4 Bxf3+ 37. Nxf3 Nb8 38. Be3 Kd7 39. Bb6 Kc6 40. Nd4+
Kd7 41. g3 Kc8 42. f4 Kb7 43. Nb3 Kc6 44. Nd4+ Kb7 45. Ke3 Na8 46. f5 Nxb6 47.
axb6 Bc5 48. fxe6 fxe6 49. Ke4 Bxd4 50. Kxd4 Nc6+ 51. Kc5 Nxe5 52. Bxe6 Nd3+
53. Kc4 Nxb2+ 54. Kxb4 Kxb6 55. Bf5 Nd1 56. Bd7 Ne3 57. Kc3 Nd5+ 0-1

[Event "4NCL/Div3/SLOS2 vs. BRI2"]
[Site "Birmingham ENG"]
[Date "2006.04.30"]
[Round "10.5"]
[White "Szczerbak, Jaroslaw"]
[Black "Easton, Alex"]
[Result "1/2-1/2"]
[WhiteElo "2137"]
[BlackElo "2100"]
[PlyCount "150"]
[EventDate "2006.04.30"]
[EventType "team"]
[EventRounds "11"]
[EventCountry "ENG"]
[SourceDate "2006.04.29"]
[WhiteTeam "Slough Sharks 2"]
[BlackTeam "Bristol 2"]

1. e4 e6 2. d4 d5 3. Nd2 Nf6 4. e5 Nfd7 5. Bd3 c5 6. c3 Nc6 7. Ne2 cxd4 8. cxd4
Qb6 9. Nf3 f6 10. exf6 Nxf6 11. O-O Bd6 12. a3 O-O 13. b4 e5 14. dxe5 Nxe5 15.
Nfd4 Nfg4 16. f4 Nxd3 17. Qxd3 Bf5 18. Qb3 Be4 19. h3 Nf6 20. Be3 Qa6 21. b5
Qa5 22. Ne6 Rfe8 23. N2d4 Rac8 24. Rfc1 h6 25. g4 Rxc1+ 26. Rxc1 Qxa3 27. Qxa3
Bxa3 28. Ra1 Bb2 29. Rxa7 Bxd4 30. Nxd4 Bd3 31. Bf2 Re7 32. Bh4 Re4 33. Bxf6
gxf6 34. Nf5 Rxf4 35. Ne7+ Kf8 36. Rxb7 Rb4 37. b6 d4 38. Nc6 Rb1+ 39. Kf2 Be4
40. Rb8+ Kg7 41. Nxd4 h5 42. Ne6+ Kh7 43. gxh5 Rb5 44. Nd4 Rb4 45. Ke3 Bg2 46.
h4 Kh6 47. Kd3 Kxh5 48. Kc3 Rb1 49. Nb3 Bd5 50. Kd4 Bxb3 51. Rh8+ Kg4 52. b7
Ba2 53. b8=Q Rxb8 54. Rxb8 Kxh4 55. Rb2 Bf7 56. Ke4 Kg5 57. Rg2+ Kh6 58. Kf5
Bc4 59. Kxf6 Kh7 60. Rg7+ Kh8 61. Kg6 Bb3 62. Rh7+ Kg8 63. Rc7 Kh8 64. Rc8+ Bg8
65. Kf6 Kh7 66. Rc1 Kh8 67. Rc8 Kh7 68. Rd8 Kh8 69. Rd4 Bh7 70. Kf7 Bg8+ 71.
Kf8 Bh7 72. Rg4 Bc2 73. Rg8+ Kh7 74. Rg2 Bb3 75. Rh2+ Kg6 1/2-1/2

[Event "4NCL/Div3/SLOS2 vs. BRI2"]
[Site "Birmingham ENG"]
[Date "2006.04.30"]
[Round "10.6"]
[White "Humphreys, Jerry"]
[Black "Kahar, Krunal"]
[Result "1-0"]
[WhiteElo "2102"]
[BlackElo "2209"]
[PlyCount "107"]
[EventDate "2006.04.30"]
[EventType "team"]
[EventRounds "11"]
[EventCountry "ENG"]
[SourceDate "2006.04.29"]
[WhiteTeam "Bristol 2"]
[BlackTeam "Slough Sharks 2"]

1. e4 c5 2. Nc3 Nc6 3. g3 g6 4. Bg2 Bg7 5. Nge2 d6 6. O-O e6 7. d3 Nge7 8. Be3
Nd4 9. Qd2 O-O 10. Nc1 Nec6 11. Nd1 e5 12. c3 Ne6 13. Ne2 f5 14. exf5 gxf5 15.
f4 Qc7 16. Kh1 Rb8 17. fxe5 dxe5 18. Bh6 Qd6 19. Bxg7 Nxg7 20. Ne3 Be6 21. b3
Rbd8 22. Rad1 b5 23. Qc1 f4 24. gxf4 exf4 25. Nxf4 Rxf4 26. Rxf4 Qxf4 27. Bxc6
Bh3 28. Qd2 Rd6 29. Bg2 Bxg2+ 30. Nxg2 Qf3 31. Kg1 Rf6 32. Re1 Nf5 33. Qe2 Nh6
34. Qxf3 Rxf3 35. Re3 Rf6 36. Ne1 Ra6 37. Re2 c4 38. bxc4 bxc4 39. dxc4 Ra3 40.
c5 Kf7 41. Nf3 Rxc3 42. Ng5+ Kg6 43. Ne4 Rc1+ 44. Kg2 Ng4 45. Kf3 Nf6 46. Rg2+
Kf5 47. Rg5+ Ke6 48. Nxf6 Kxf6 49. Rh5 Kg6 50. Rd5 Rc2 51. Rd6+ Kf5 52. c6 Rxh2
53. Rd5+ Ke6 54. Rc5 1-0

[Event "4NCL/Div3/SLOS2 vs. BRI2"]
[Site "Birmingham ENG"]
[Date "2006.04.30"]
[Round "10.7"]
[White "Willis, Rupert"]
[Black "Hunt-Grubbe, Henry"]
[Result "0-1"]
[WhiteElo "2100"]
[BlackElo "1985"]
[PlyCount "122"]
[EventDate "2006.04.30"]
[EventType "team"]
[EventRounds "11"]
[EventCountry "ENG"]
[SourceDate "2006.04.29"]
[WhiteTeam "Slough Sharks 2"]
[BlackTeam "Bristol 2"]

1. c4 c6 2. Nf3 d5 3. g3 Nf6 4. Bg2 e6 5. d4 Bd6 6. Nbd2 h6 7. Qc2 Nbd7 8. O-O
O-O 9. e4 dxe4 10. Nxe4 Nxe4 11. Qxe4 c5 12. Rd1 Qb6 13. b3 cxd4 14. Nxd4 Bc5
15. Be3 Nf6 16. Qh4 e5 17. Nc2 Ng4 18. Bxc5 Qxc5 19. Rd2 Rb8 20. h3 Nf6 21. b4
Qc7 22. Ne3 Be6 23. Rad1 b6 24. a3 Rfd8 25. Bd5 Bxd5 26. cxd5 e4 27. d6 Qc3 28.
Rd4 Rd7 29. Qf4 Rbd8 30. a4 Qa3 31. Nc4 Qxa4 32. Ne5 Rb7 33. g4 Qb3 34. d7 Qxh3
35. Qf5 h5 36. Rxe4 hxg4 37. Re3 Qh5 38. Qxh5 Nxh5 39. Nc6 Rdxd7 40. Rxd7 Rxd7
41. b5 Nf6 42. Ra3 Ne8 43. Nxa7 Nc7 44. Nc8 Nxb5 45. Ra8 Kh7 46. Nxb6 Rb7 47.
Nc4 f5 48. Ne3 g6 49. Kg2 Nd6 50. Ra4 Rb2 51. Rd4 Nf7 52. Rd7 Kg8 53. Ra7 Ng5
54. Ra4 Kg7 55. Ra7+ Kh6 56. Ra4 Nh3 57. Rxg4 fxg4 58. Nxg4+ Kg5 59. Kxh3 Kf4
60. f3 g5 61. Nh2 Rf2 0-1

[Event "4NCL/Div3/SLOS2 vs. BRI2"]
[Site "Birmingham ENG"]
[Date "2006.04.30"]
[Round "10.8"]
[White "Owens, Megan"]
[Black "Duggan, Michael"]
[Result "0-1"]
[WhiteElo "1645"]
[BlackElo "2082"]
[PlyCount "50"]
[EventDate "2006.04.30"]
[EventType "team"]
[EventRounds "11"]
[EventCountry "ENG"]
[SourceDate "2006.04.29"]
[WhiteTeam "Bristol 2"]
[BlackTeam "Slough Sharks 2"]

1. d4 Nf6 2. c4 e6 3. Nc3 Bb4 4. e3 b6 5. Bd3 Bb7 6. Nf3 Ne4 7. Qc2 f5 8. a3
Bxc3+ 9. bxc3 O-O 10. a4 d6 11. Rb1 Nd7 12. Ba3 Rf6 13. Rg1 Rg6 14. Be2 Qf6 15.
Bb2 Rd8 16. d5 e5 17. Nd2 Nec5 18. e4 fxe4 19. Nxe4 Nxe4 20. Qxe4 Nc5 21. Qc2
Bc8 22. Ra1 Rf8 23. Bd1 Nd3+ 24. Kd2 Qf4+ 25. Kxd3 Bf5+ 0-1

[Event "4NCL/Div3/PPA1 vs. KHE"]
[Site "Birmingham ENG"]
[Date "2006.04.30"]
[Round "10.1"]
[White "Swanson, Stephen"]
[Black "McMichael, Richard"]
[Result "1/2-1/2"]
[WhiteElo "2270"]
[BlackElo "2272"]
[PlyCount "81"]
[EventDate "2006.04.30"]
[EventType "team"]
[EventRounds "11"]
[EventCountry "ENG"]
[SourceDate "2006.04.29"]
[WhiteTeam "Poisnd Pawns 1"]
[BlackTeam "Kings Head"]

1. e4 c6 2. d3 d5 3. Nd2 g6 4. Ngf3 Bg7 5. g3 e5 6. Bg2 Ne7 7. O-O O-O 8. b4 a5
9. bxa5 Rxa5 10. Bb2 dxe4 11. dxe4 Be6 12. a4 f6 13. Bc3 Ra7 14. Qe2 Nd7 15.
Rfd1 Qb6 16. Nf1 Nc8 17. Ne3 Re8 18. Rdb1 Qc7 19. Nd2 Nd6 20. Bb4 Bf8 21. h4
Rea8 22. f4 Rxa4 23. Rxa4 Rxa4 24. f5 Bf7 25. Bxd6 Bxd6 26. Kh2 b5 27. Rf1 Bf8
28. Bh3 Bg7 29. fxg6 hxg6 30. h5 gxh5 31. Nf5 Nf8 32. Nf3 Bc4 33. Qe3 Bxf1 34.
Bxf1 Kh7 35. N3h4 Ne6 36. Qe2 Kg8 37. Qxh5 Qf7 38. Qg4 Ng5 39. Bg2 Ra1 40. Ng6
Qa7 41. Nge7+ 1/2-1/2

[Event "4NCL/Div3/PPA1 vs. KHE"]
[Site "Birmingham ENG"]
[Date "2006.04.30"]
[Round "10.2"]
[White "Khantuev, Alexander"]
[Black "Posazhennikov, Alex"]
[Result "1/2-1/2"]
[WhiteElo "2286"]
[BlackElo "2235"]
[PlyCount "86"]
[EventDate "2006.04.30"]
[EventType "team"]
[EventRounds "11"]
[EventCountry "ENG"]
[SourceDate "2006.04.29"]
[WhiteTeam "Kings Head"]
[BlackTeam "Poisnd Pawns 1"]

1. e4 e5 2. Nf3 Nc6 3. d4 exd4 4. Nxd4 Nf6 5. Nxc6 bxc6 6. e5 Qe7 7. Qe2 Nd5 8.
c4 Ba6 9. b3 O-O-O 10. Bb2 f6 11. Qe4 Nb6 12. f4 Kb8 13. Nd2 d5 14. cxd5 cxd5
15. exf6 Qxe4+ 16. Nxe4 Bxf1 17. Kxf1 dxe4 18. fxg7 Bxg7 19. Bxg7 Rhg8 20. Bc3
Rd3 21. Ba5 Nd5 22. g3 h5 23. Re1 h4 24. Rg1 hxg3 25. Rxg3 Rgxg3 26. hxg3 Rxg3
27. Rxe4 Rf3+ 28. Ke2 Rxf4 29. Re5 c6 30. Be1 Kb7 31. Kd3 Rg4 32. Re4 Rg2 33.
a4 Rb2 34. Kc4 Rc2+ 35. Kd3 Rc1 36. Bd2 Rb1 37. Kc2 Rh1 38. Rg4 Rh7 39. b4 Nb6
40. Kb3 Rh3+ 41. Bc3 Nd5 42. Rc4 Nb6 43. Rc5 Nd5 1/2-1/2

[Event "4NCL/Div3/PPA1 vs. KHE"]
[Site "Birmingham ENG"]
[Date "2006.04.30"]
[Round "10.3"]
[White "Moore, Gerald"]
[Black "Whiteley, Andrew"]
[Result "0-1"]
[WhiteElo "2240"]
[BlackElo "2228"]
[PlyCount "72"]
[EventDate "2006.04.30"]
[EventType "team"]
[EventRounds "11"]
[EventCountry "ENG"]
[SourceDate "2006.04.29"]
[WhiteTeam "Poisnd Pawns 1"]
[BlackTeam "Kings Head"]

1. Nf3 Nf6 2. g3 g6 3. Bg2 Bg7 4. O-O O-O 5. c4 d5 6. cxd5 Nxd5 7. d4 Nc6 8.
Nc3 Nb6 9. e3 e5 10. d5 Ne7 11. e4 Bg4 12. h3 Bxf3 13. Qxf3 c6 14. a4 cxd5 15.
exd5 Nf5 16. a5 Nc4 17. a6 Rb8 18. Qd3 Ncd6 19. axb7 Rxb7 20. Ra6 Qb8 21. Ne4
Rb3 22. Qd1 Nxe4 23. Bxe4 Nd4 24. Be3 Rxb2 25. Qa4 Rb4 26. Qa2 Qb5 27. Bxd4
Rxd4 28. Bg2 Rd2 29. Qa3 e4 30. Bxe4 Bd4 31. Rc6 Re8 32. Qf3 f5 33. Bxf5 gxf5
34. Qxf5 Qd3 35. Qg5+ Kh8 36. Rd6 Qxf1+ 0-1

[Event "4NCL/Div3/PPA1 vs. KHE"]
[Site "Birmingham ENG"]
[Date "2006.04.30"]
[Round "10.4"]
[White "Kwiatkowski, Feliks J"]
[Black "Harley, Andrew"]
[Result "1/2-1/2"]
[WhiteElo "2227"]
[BlackElo "2239"]
[PlyCount "42"]
[EventDate "2006.04.30"]
[EventType "team"]
[EventRounds "11"]
[EventCountry "ENG"]
[SourceDate "2006.04.29"]
[WhiteTeam "Kings Head"]
[BlackTeam "Poisnd Pawns 1"]

1. e4 e6 2. d4 d5 3. Nd2 c5 4. Ngf3 cxd4 5. exd5 Qxd5 6. Bc4 Qd6 7. O-O Nf6 8.
Nb3 Nc6 9. Nbxd4 Nxd4 10. Nxd4 a6 11. Bb3 Qc7 12. Qf3 Bd6 13. h3 O-O 14. Bg5
Nd7 15. c3 b5 16. Rfe1 Bb7 17. Qh5 Rfe8 18. Bc2 Nf8 19. Rad1 Bh2+ 20. Kh1 Bf4
21. Be4 Bxe4 1/2-1/2

[Event "4NCL/Div3/PPA1 vs. KHE"]
[Site "Birmingham ENG"]
[Date "2006.04.30"]
[Round "10.5"]
[White "Dunn, Andrew"]
[Black "Thomas, Richard H"]
[Result "1/2-1/2"]
[WhiteElo "2197"]
[BlackElo "2219"]
[PlyCount "56"]
[EventDate "2006.04.30"]
[EventType "team"]
[EventRounds "11"]
[EventCountry "ENG"]
[SourceDate "2006.04.29"]
[WhiteTeam "Poisnd Pawns 1"]
[BlackTeam "Kings Head"]

1. d4 g6 2. Nf3 Bg7 3. c4 d6 4. g3 Nc6 5. d5 Nb8 6. Bg2 c5 7. O-O Na6 8. a3 Bd7
9. Qc2 Nf6 10. Nc3 O-O 11. e4 Rb8 12. Re1 Nc7 13. Rb1 b5 14. cxb5 Nxb5 15. Nxb5
Rxb5 16. Bd2 Ng4 17. h3 Ne5 18. Nxe5 Bxe5 19. b4 cxb4 20. axb4 Qb8 21. Bf1 Rb7
22. Rbc1 Rc8 23. Qa2 Bd4 24. Rxc8+ Bxc8 25. Rc1 Rc7 26. Rc4 Qb6 27. Be1 Bd7 28.
Qc2 Rxc4 1/2-1/2

[Event "4NCL/Div3/PPA1 vs. KHE"]
[Site "Birmingham ENG"]
[Date "2006.04.30"]
[Round "10.6"]
[White "Wittmann, Jochen"]
[Black "Byway, Paul"]
[Result "1/2-1/2"]
[WhiteElo "2225"]
[BlackElo "2212"]
[PlyCount "35"]
[EventDate "2006.04.30"]
[EventType "team"]
[EventRounds "11"]
[EventCountry "ENG"]
[SourceDate "2006.04.29"]
[WhiteTeam "Kings Head"]
[BlackTeam "Poisnd Pawns 1"]

1. e4 c5 2. Nc3 Nc6 3. g3 g6 4. Bg2 Bg7 5. d3 d6 6. Be3 Rb8 7. Qd2 b5 8. Nge2
Nd4 9. O-O b4 10. Nd1 Nxe2+ 11. Qxe2 Nf6 12. f4 Ng4 13. Bd2 f5 14. exf5 gxf5
15. h3 Nf6 16. a3 b3 17. c4 O-O 18. Bc3 1/2-1/2

[Event "4NCL/Div3/PPA1 vs. KHE"]
[Site "Birmingham ENG"]
[Date "2006.04.30"]
[Round "10.7"]
[White "Rosen, Daniel B"]
[Black "Okike, David C"]
[Result "1/2-1/2"]
[WhiteElo "2144"]
[BlackElo "2158"]
[PlyCount "72"]
[EventDate "2006.04.30"]
[EventType "team"]
[EventRounds "11"]
[EventCountry "ENG"]
[SourceDate "2006.04.29"]
[WhiteTeam "Poisnd Pawns 1"]
[BlackTeam "Kings Head"]

1. e4 e6 2. d4 d5 3. Nc3 Nf6 4. Bg5 dxe4 5. Nxe4 Be7 6. Bxf6 gxf6 7. Nf3 f5 8.
Ng3 h5 9. Be2 h4 10. Nf1 Nd7 11. Ne3 c6 12. Qd2 a5 13. O-O-O a4 14. g4 Nf6 15.
gxf5 Ne4 16. Qe1 a3 17. b3 exf5 18. Bd3 Qa5 19. Nxf5 Bxf5 20. Bxe4 Bg4 21. Qxa5
Rxa5 22. Rdg1 Bxf3 23. Bxf3 Rf5 24. Be2 Rxf2 25. Kd1 h3 26. Rf1 Rg2 27. Bc4 Rh7
28. Rf3 Rg4 29. d5 cxd5 30. Bxd5 Rd4+ 31. Rd3 Rxd3+ 32. cxd3 b6 33. Re1 Kd7 34.
Re3 Bd6 35. Be4 Rh5 36. Rxh3 Rxh3 1/2-1/2